<?xml version="1.0" encoding="UTF-8"?>
<record
    xmlns:xsi="http://www.w3.org/2001/XMLSchema-instance"
    xsi:schemaLocation="http://www.loc.gov/MARC21/slim http://www.loc.gov/standards/marcxml/schema/MARC21slim.xsd"
    xmlns="http://www.loc.gov/MARC21/slim">

  <leader>01645nam a22002297a 4500</leader>
  <controlfield tag="005">20220118094940.0</controlfield>
  <controlfield tag="008">220118b           ||||| |||| 00| 0 eng d</controlfield>
  <datafield tag="020" ind1=" " ind2=" ">
    <subfield code="a">0745629911</subfield>
  </datafield>
  <datafield tag="040" ind1=" " ind2=" ">
    <subfield code="c">AL</subfield>
  </datafield>
  <datafield tag="041" ind1=" " ind2=" ">
    <subfield code="a">eng</subfield>
  </datafield>
  <datafield tag="082" ind1=" " ind2=" ">
    <subfield code="2">23</subfield>
    <subfield code="a">320.24107</subfield>
    <subfield code="b">GIDW</subfield>
  </datafield>
  <datafield tag="100" ind1=" " ind2=" ">
    <subfield code="a">Anthony Giddens</subfield>
    <subfield code="9">13484</subfield>
  </datafield>
  <datafield tag="245" ind1=" " ind2=" ">
    <subfield code="a">Where Now For New Labour?</subfield>
  </datafield>
  <datafield tag="260" ind1=" " ind2=" ">
    <subfield code="a">UK:</subfield>
    <subfield code="b">Polity Press,</subfield>
    <subfield code="c">2002.</subfield>
  </datafield>
  <datafield tag="300" ind1=" " ind2=" ">
    <subfield code="a">viiii,84 p.</subfield>
    <subfield code="b">PB</subfield>
    <subfield code="c">21x15 cm.</subfield>
  </datafield>
  <datafield tag="520" ind1=" " ind2=" ">
    <subfield code="a">New Labour is back in power - where now? What should the party's agenda be? How should the centre-left react to a changed external world marked by economic downturn, protests against globalization and an unstable international order?
Anthony Giddens argues that to answer these questions, and assess the progress Labour has made, we must take a comparative perspective. Breaking with the insularity that has marked much political debate in the UK, Giddens draws extensively on the experience of social democrats in other countries. All centre-left parties are reacting to common issues and problems that have forced a rethinking of leftist traditions.
Giddens argues that Labour can and should develop a more compelling ideological framework than exists so far, and a clearer view of what kind of society Britain should become. This can only be achieved, however, by building upon the New Labour project, not by returning to policies of the past that quite rightly have been discarded.</subfield>
  </datafield>
  <datafield tag="650" ind1=" " ind2=" ">
    <subfield code="a">Labour Party-Great Britain</subfield>
    <subfield code="9">13485</subfield>
  </datafield>
  <datafield tag="650" ind1=" " ind2=" ">
    <subfield code="a">Politics and Government-Great Britain</subfield>
    <subfield code="9">13486</subfield>
  </datafield>
  <datafield tag="650" ind1=" " ind2=" ">
    <subfield code="a">Internationalism and Globalization</subfield>
    <subfield code="9">13487</subfield>
  </datafield>
  <datafield tag="700" ind1=" " ind2=" ">
    <subfield code="a">GIDDENS (Anthony)</subfield>
    <subfield code="9">13488</subfield>
  </datafield>
  <datafield tag="942" ind1=" " ind2=" ">
    <subfield code="2">ddc</subfield>
    <subfield code="c">GF</subfield>
  </datafield>
  <datafield tag="999" ind1=" " ind2=" ">
    <subfield code="c">221222</subfield>
    <subfield code="d">221222</subfield>
  </datafield>
  <datafield tag="952" ind1=" " ind2=" ">
    <subfield code="0">0</subfield>
    <subfield code="1">0</subfield>
    <subfield code="2">ddc</subfield>
    <subfield code="4">0</subfield>
    <subfield code="7">0</subfield>
    <subfield code="8">PS</subfield>
    <subfield code="a">AL</subfield>
    <subfield code="b">AL</subfield>
    <subfield code="d">2013-03-24</subfield>
    <subfield code="l">0</subfield>
    <subfield code="o">320.24107 GIDW</subfield>
    <subfield code="p">GF03527</subfield>
    <subfield code="r">2022-01-18 00:00:00</subfield>
    <subfield code="w">2022-01-18</subfield>
    <subfield code="y">GF</subfield>
  </datafield>
</record>
